7 größte Fußball Stadien in Mecklenburg-Vorpommern - Statistiken

Allgemein
  • Dieses Quiz wurde 16 mal gespielt
  • Das Durchschnittsergebnis liegt bei 3 aus 7
Antwortstatistiken
Kapazität Verein Stadion % Korrekt
29.000 FC Hansa Rostock Ostseestadion
100%
4990 Greifswalder FC Volksstadion Greifswald
50%
8000 FC Hansa Rostock II Volksstadion Rostock
50%
7000 TSG Neustrelitz Parkstadion
36%
4000 FC Anker Wismar Kurt-Bürger-Stadion
14%
12.800 TSV 1860 Stralsund Primus Immobilien Arena
7%
2000 SG Dynamo Schwerin Sportpark Lankow
7%
Keine übereinstimmenden Quizze gefunden
Verteilung der Resultate
Anzahl Personen mit jedem Resultat
Perzentil nach korrekt beantworteten Fragen
Ihre Resultats-Entwicklung
Sie haben dieses Quiz noch nicht gespielt